000 00310nam a22001457a 4500
008 230719b ||||| |||| 00| 0 eng d
020 _a9780691027876
041 _aeng
080 _a101
082 _a101
100 _a44
101 _aFILOFI
245 _aQUANTUM PHILOSOPHY
_cOMNES . R
942 _2udc
_cBK
999 _c60174
_d60174